1391 1811 1971 1650 1290 1825 1355 1218 1376 1857 1440 1686 1716 1580 1063 1097 1956 1546 1371 1022 1272 1374 1475 1967 1075 1278 1590 1915 1303 1538 1998 1820 1543 1879 1562 1574 1748 1461 1541 1074 1250 1132 1318 1145 1541 1987 1318 1491 1172 1774 1271 1568 1295 1241 1456 1452 1670 1547 1631 1608 1376 1711 1401 1554 1572 1307 1675 1863 1903 1807 1420 1066 1845 1077 1306 1648 1280 1376 1560 1254 1259 1977 1435 1905 1942 1697 1972 1452 1377 1291 1215 1366 1296 1176 1674 1990 1991 1868 1804 BCNSPRNW ULIB Ver.6.0+V

เปลี่ยนเป็นภาษาไทย

Change to English
 แสดงรายละเอียดบรรณานุกรม
  กลับหน้าหลัก

Brief Record : Get Marc (ISO 2709) : E-mail record : QR code < ปิดหน้าต่าง
LEADER : 00000nam 2200000uu 4500
001    13399123616
003     ULIB
008    141017s2556||||th 000 0 tha d
020    ^a9786169161509
060  4 ^aWS280^bน927
245 00 ^aแนวทางการดูแลรักษาโรคติดเชื้อเฉียบพลันระบบหายใจในเด็ก /^cบรรณาธิการ นวลจันทร์ ปราบพาล, จิตลัดดา ดีโรจนวงศ์
250    ^aพิมพ์ครั้งที่ 1.
260    ^aกรุงเทพฯ :^bชมรมโรคระบบหายใจและเวชบำบัดวิกฤตในเด็กแห่งประเทศไทย,^c2556.
300    ^a192 หน้า :^bภาพประกอบ.
650  7 ^aเด็ก^xโรค
650  7 ^aทางเดินหายใจ^xโรคในวัยทารกและเด็ก^xการรักษา
650  7 ^aทางเดินอากาศหายใจ, การติดเชื้อ^xในวัยทารกและเด็ก^xการรักษา
700 0  ^aจิตลัดดา ดีโรจนวงศ์,^eบรรณาธิการ
700 0  ^aนวลจันทร์ ปราบพาล,^eบรรณาธิการ
710 2  ^aชมรมโรคระบบหายใจและเวชบำบัดวิกฤตในเด็กแห่งประเทศไทย
945    ^p0^l0^i21579
945    ^p0^l0^i21580
945    ^p0^l0^i21581
999    ^aทศพร เกษรทอง
รายการนี้ยังไม่มีแท็ก
คุณยังไม่ได้ล็อกอิน คุณสามารถมีกิจกรรมร่วมกับเว็บไซต์ได้ แต่ต้องล็อกอินก่อน ::
  ล็อกอิน

รายการสื่อสารสนเทศ

ลำดับที่ ประเภท เลขเรียก/บาร์โค้ด สถานที่ สถานะ
1. วิทยาศาสตร์การแพทย์ และสุขภาพ
หนังสือสำรอง
สถานะ=หนังสือสำรอง
WS280 น927 ฉ.1 
  Barcode: 21579
ห้องสมุดวิทยาเขตนครสวรรค์
►หนังสือทั่วไป:l:General Books
บนชั้น
2. วิทยาศาสตร์การแพทย์ และสุขภาพ
วิทยาศาสตร์การแพทย์ และสุขภาพ
WS280 น927 ฉ.2 
  Barcode: 21580
ห้องสมุดวิทยาเขตนครสวรรค์
►หนังสือทั่วไป:l:General Books
บนชั้น
3. วิทยาศาสตร์การแพทย์ และสุขภาพ
วิทยาศาสตร์การแพทย์ และสุขภาพ
WS280 น927 ฉ.3 
  Barcode: 21581
ห้องสมุดวิทยาเขตนครสวรรค์
►หนังสือทั่วไป:l:General Books
บนชั้น

BibComment


ยังไม่เคยถูกคอมเมนท์

คอมเมนท์ทรัพยากรรายการนี้
  คอมเมนท์: แนวทางการดูแลรัก..


 Copyright 2026. Bcnsprnw @Library